| 000 | 01052nam a22001817a 4500 | ||
|---|---|---|---|
| 999 |
_c56791 _d56791 |
||
| 005 | 20191106120547.0 | ||
| 008 | 190424c2019 ge ||||| |||| 00| 0 geo d | ||
| 022 | _a1512083X | ||
| 041 | _ageo | ||
| 245 |
_aაუდიტი აღრიცხვა ფინანსები : 2019 : _b ინფო კონსულტანტი : ყოველთვიური ჟურნალი მეწარმეებისა და ფინანსისტებისათვის _c / მთავარ. რედ : გიორგი ცერცვაძე |
||
| 260 |
_aთბილისი : _bშპს ,,ააფ- მენეჯმენტი", _c2000 - წლის იანვრიდან. |
||
| 300 | _av. | ||
| 653 | _aაუდოიტი აღრიცხვა ფინანსები | ||
| 653 | _aეკონომიკა | ||
| 653 | _aპრიოდიკა | ||
| 700 |
_aცერცვაძე, გიორგი _eმთავარი რედაქტორი _9448 |
||
| 942 |
_2udc _cCR |
||